Statistics for NFL - Top 25 Quarterbacks 2023-2024

Click here to take the quiz!

General Stats

  • This quiz has been taken 229 times
    (228 since last reset)
  • The average score is 19 of 25

Answer Stats

HintAnswer% Correct
1.Patrick Mahomes
100%
3.Josh Allen
97%
2.Lamar Jackson
94%
4.Joe Burrow
93%
7.Jalen Hurts
90%
9.Brock Purdy
88%
14.C.J. Stroud
86%
8.Dak Prescott
84%
6.Justin Herbert
84%
19.Russell Wilson
84%
11.Matthew Stafford
82%
10.Jared Goff
81%
13.Tua Tagovailoa
81%
12.Kirk Cousins
78%
15.Jordan Love
77%
17.Baker Mayfield
73%
21.Daniel Jones
73%
24.Mac Jones
73%
16.Geno Smith
71%
20.Justin Fields
71%
18.Derek Carr
68%
5.Trevor Lawrence
67%
22.Desmond Ridder
47%
23.Ryan Tannehill
45%
25.Aidan O'Connell
21%

Score Distribution

Percentile by Number Answered

Percent of People with Each Score

Your Score History

You have not taken this quiz since the last reset